000 00649cam a2200205 a 4500
001 000007746
005 20200929154302.0
008 790122s1956 sp a b 000 0 spa d
040 _aDO-SdBNP
_bspa
_cLC
_dBNPHU
082 _a923.1
_bD197f
100 1 _aDanvila, Alfonso.
_921437
245 1 0 _aFelipe II y la sucesión de Portugal /
_cAlfonso Danvila.
260 _aMadrid :
_bEspasa Calpe,
_c1956.
300 _a344 p. :
_bil. ;
_c23 cm.
504 _aIncluye bibliografías
651 4 _aEspaña
_xHistoria
_yFELIPE II, 1556-1598
_921438
650 4 _aPortugal
_xHistoria
_y1580-1640
_921439
910 _aCatalogación por copia / LC
049 _aBNGR
999 _c7524
_d7524